Alcohol Detector with Notification System (Record no. 88565)
[ view plain ]
| 000 -LEADER | |
|---|---|
| fixed length control field | 03177nam a22002657a 4500 |
| 005 - DATE AND TIME OF LATEST TRANSACTION | |
| control field | 20251104125154.0 |
| 008 - FIXED-LENGTH DATA ELEMENTS--GENERAL INFORMATION | |
| fixed length control field | 251029b ||||| |||| 00| 0 eng d |
| 043 ## - GEOGRAPHIC AREA CODE | |
| Geographic area code | URS |
| 245 ## - TITLE STATEMENT | |
| Title | Alcohol Detector with Notification System |
| Remainder of title | / Esguerra, Charles Ivan... [et al.]. |
| 260 ## - PUBLICATION, DISTRIBUTION, ETC. | |
| Date of publication, distribution, etc. | April 2024 |
| 300 ## - PHYSICAL DESCRIPTION | |
| Extent | 90 leaves : |
| Dimensions | 28 cm. |
| 336 ## - CONTENT TYPE | |
| Source | rdacontent |
| Content type term | text |
| 337 ## - MEDIA TYPE | |
| Source | rdamedia |
| Media type term | unmediated |
| 338 ## - CARRIER TYPE | |
| Source | rdacarrier |
| Carrier type term | volume |
| 502 ## - DISSERTATION NOTE | |
| Dissertation note | Thesis |
| Degree type | Bachelor of Technology Major in Electrical Technology |
| Name of granting institution | University of Rizal System-Morong |
| Year degree granted | 2024 |
| 520 ## - SUMMARY, ETC. | |
| Summary, etc. | The study aimed to design and develop Alcohol Detector with Notification Syst and attempted to design and construct the device and through try-out and revisions until the project reached its functional output and attain the project's objectives. Likewise, it aimed to determine the level of performance of the Alcohol Detector with Notification System in terms of sensitivity on alcohol detection, response time of locking system and SMS notification. Lastly it determined the level of acceptability of the Alcohol Detector with Notification System in terms of design, functionality, usefulness, safety, and maintainability. This study is conducted at the University of Rizal System located at Juan Sumulong Street, San Juan, Morong, Rizal of December 2022 by selected Bachelor of Technology students major in Electronics Technology. The device will be evaluated by the experts and the students. The first group were five (5) Electrical and Electronics technology professors from the College of Industrial Technology and twenty-five (25) Bachelor of Technology major in Electronics Technology students from the same College and University. This study used the descriptive, developmental and experimental method of research in conducting the study. Developmental research refers to various kinds of search approaches that are related to design and development of work. The Alcohol Detector with Notification System was made out of locally available materials with proper planning and designing of the project, technical drawings, preparation of tools and selection of materials, programming, wiring and mounting, and as well as considering the proper experiment and testing of the project. The device was tested and through try-out and revisions, the project reached the functional output and attained the project objectives. The device is very sensitive as to its performance in sensing different amount of alcohol, and extremely responsive in locking system, and very responsive in SMS notification. The Alcohol Detector with Notification System is extremely accepted in terms of design, functionality, usefulness, safety and maintenance, as evaluated by the student respondents and the experts. |
| 700 ## - ADDED ENTRY--PERSONAL NAME | |
| Personal name | Esguerra, Charles Ivan |
| Relator term | author |
| 700 ## - ADDED ENTRY--PERSONAL NAME | |
| Personal name | Garrovillas, John Phillip |
| Relator term | author |
| 700 ## - ADDED ENTRY--PERSONAL NAME | |
| Personal name | Manarang, Jericho S.J. |
| Relator term | author |
| 700 ## - ADDED ENTRY--PERSONAL NAME | |
| Personal name | Pereyras, Joseph Isaac S. |
| Relator term | author |
| 700 ## - ADDED ENTRY--PERSONAL NAME | |
| Personal name | Vasadre, John Sedrick L. |
| Relator term | author |
| 700 ## - ADDED ENTRY--PERSONAL NAME | |
| Personal name | Naraja, Ricardo V. |
| Relator term | degree supervisor |
| 856 ## - ELECTRONIC LOCATION AND ACCESS | |
| Materials specified | Online Request for Student Unpublished Works |
| Uniform Resource Identifier | <a href="https://forms.gle/7LqvGGkaDrUQqz429">https://forms.gle/7LqvGGkaDrUQqz429</a> |
| 942 ## - ADDED ENTRY ELEMENTS (KOHA) | |
| Source of classification or shelving scheme | Library of Congress Classification |
| Koha item type | Theses and dissertations |
| Withdrawn status | Source of classification or shelving scheme | Damaged status | Not for loan | Collection code | Home library | Current library | Date acquired | Total Checkouts | Barcode | Date last seen | Price effective from | Koha item type |
|---|---|---|---|---|---|---|---|---|---|---|---|---|
| Library of Congress Classification | Reference | Morong College Library | Morong College Library | 10/29/2025 | URSMOR-CL-6719 | 10/29/2025 | 10/29/2025 | Theses and dissertations |